Ink on Paper 2: Handbook of the Graphic Arts (Record no. 2610)
[ view plain ]
| 000 -LEADER | |
|---|---|
| fixed length control field | 00272nam a22000977a 4500 |
| 008 - FIXED-LENGTH DATA ELEMENTS--GENERAL INFORMATION | |
| fixed length control field | 180205b xxu||||| |||| 00| 0 eng d |
| 100 ## - MAIN ENTRY--AUTHOR'S NAME | |
| Author's Name | Arnold, Edmund |
| 245 ## - TITLE STATEMENT | |
| Title | Ink on Paper 2: Handbook of the Graphic Arts |
| 260 ## - PUBLICATION, DISTRIBUTION, ETC. (IMPRINT) | |
| Place of publication, distribution, etc. | New York |
| Name of publisher, distributor, etc. | Harper & Row |
| Date of publication, distribution, etc. | 1972 |
| 650 ## - TOPICAL TERM (Tag) | |
| Topical term or geographic name | Graphic arts |
| Withdrawn status | Lost status | Source of classification or shelving scheme | Damaged status | Koha normalized classification for sorting | Not for loan | Collection code | Permanent Location | Current Location | Shelving location | Date acquired | Total Checkouts | Full call number | Barcode | Date last seen | Copy number | Price effective from |
|---|---|---|---|---|---|---|---|---|---|---|---|---|---|---|---|---|
| G3200 A11 A752 | Northern Philatelic Library | Northern Philatelic Library | General Stacks | 02/05/2018 | G3200 A11 A752 | 1002883 | 02/05/2018 | 1 | 02/05/2018 |